5HLuxD.jpg

KING HENRY VIII SENIOR AND PRIMARY SCHOOL LIBRARY OPAC

Dentists / (Record no. 5051)

000 -LEADER
fixed length control field 00504cam a2200169 i 4500
008 - FIXED-LENGTH DATA ELEMENTS--GENERAL INFORMATION
fixed length control field 170310s2017 mnua j b 001 0 eng c
010 ## - LIBRARY OF CONGRESS CONTROL NUMBER
LC control number 2016059795
020 ## - INTERNATIONAL STANDARD BOOK NUMBER
International Standard Book Number 9781608188727 (hardcover : alk. paper)
020 ## - INTERNATIONAL STANDARD BOOK NUMBER
International Standard Book Number 9781628324877 (paperpack : alk. paper)
050 00 - LIBRARY OF CONGRESS CALL NUMBER
Classification number RK63
Item number .A76 2017
082 04 - DEWEY DECIMAL CLASSIFICATION NUMBER
Classification number 617.6 ARN
Edition number 23
100 1# - MAIN ENTRY--PERSONAL NAME
Personal name Arnold, Quinn M.,
Relator term author.
245 10 - TITLE STATEMENT
Title Dentists /
Statement of responsibility, etc. Quinn M. Arnold.
250 ## - EDITION STATEMENT
Edition statement First edition.
300 ## - PHYSICAL DESCRIPTION
Extent 24 pages :
Other physical details color illustrations ;
Dimensions 23 cm.
942 ## - ADDED ENTRY ELEMENTS (KOHA)
Source of classification or shelving scheme
Holdings
Withdrawn status Lost status Source of classification or shelving scheme Damaged status Not for loan Collection code Permanent Location Current Location Shelving location Date acquired Total Checkouts Full call number Barcode Date last seen Date last checked out Price effective from Koha item type Public note
          Fiction KH8 Primary School Library KH8 Primary School Library Fiction 2025-05-16 2 617.6 ARN 3KHPL000002544 2025-10-16 2025-10-16 2025-05-16 Books - Fiction KH8 PRIMARY LIBRARY

Powered By KH8 IT Dept